| 000 | 00895nam a22001937a 4500 | ||
|---|---|---|---|
| 003 | AM-YeHGA | ||
| 005 | 20250617153933.0 | ||
| 008 | 180315b xxu||||| |||| 00| 0 rus d | ||
| 040 | _aAM-YeHGA | ||
| 041 | 0 | _arus | |
| 100 | 1 | _aГуревич, Вильям Михайлович | |
| 245 | 1 | 0 |
_aЭлектропроводность сегнетоэлектриков / _cВ.М. Гуревич |
| 260 |
_aМосква : _bИзд-во стандартов, _c1969 |
||
| 300 |
_a383 с., _b[1] л. граф.; граф. |
||
| 440 | 0 |
_aМонографии/ Ком. стандартов, мер и измерит. приборов при Совете Министров СССР. Гос. служба стандартных и справочных данных _v№ 1 |
|
| 653 | 0 | _aСегнетоэлектрики - Электропроводность | |
| 942 |
_2udc _cBK |
||
| 090 | _c403287 | ||
| 999 |
_c401081 _d401081 |
||